| 000 | 01102nam a2200193 a 4500 | ||
|---|---|---|---|
| 001 | 000044627 | ||
| 005 | 20201002045517.0 | ||
| 008 | 141210s2013 ht abc 000 0 spa d | ||
| 020 | _a9789993574095 | ||
| 040 |
_aDO-SdBNP _bspa _cBNPHU |
||
| 082 |
_axxxx _bxxxx |
||
| 100 | 1 |
_aDenis, Watson _972648 |
|
| 245 | 1 | 0 |
_aL' Association des États de la Caraïbe : _bl'organisation de la Grande Caraïbe : formation, évolution et perspectives d'avenir / _cWatson Denis. |
| 260 |
_aPort-au Prince, Haiti : _bChallenges, Centre de Consultations et d'Etudes Spécialisées en Sciences Humaines et Sociales, _c2013. |
||
| 300 |
_a245 p. : _bil., mapas, retrs. ; _c22 cm. |
||
| 500 | _aIncluye datos biográficos del autor en la solapa de la contracubierta | ||
| 504 | _aBibliografía : p. 237-243 | ||
| 505 | 0 |
_aRemerciements -- _tAvant-propos -- _tL'Association des États de la Caraïbe(AEC): l'organisation de la Grande Caraïbe -- _tLes fondements juridiques de l'organisation -- _tLes déclarations émises ppar les Chefs d'État et de Gouvernement de l'AEC au cours des quatre premiers Sommets de l'organisation. |
|
| 999 |
_c44116 _d44116 |
||